000
00315nam a2200121Ia 4500
008
230301s9999 xx 000 0 und d
041
_a
eng
082
_a
079.54,AHU
100
_a
B.N. AHUJA
245
_a
HISTORY OF INDIAN PRESS GROWTH OF NEWSPAPERS IN INDIA
260
_a
NEW DELHI
_b
SURJEET PUB
365
_c
RS
999
_c
145083
_d
145083